00642nam a2200169 a 450000100100000000500170001000800410002704000250006808200170009310000260011024500660013626000380020230000270024050400730026795201150034099900170045500004011720201002033928.0130808s1970 xxu 001 0 spa d aDO-SdBNPbspacBNPHU axxxxxbxxxxx1 aSinger, Daniel96638110aPrelude to revolution :bfrance in may 1968 /cDaniel Singer. aNew York :bHill and Wang,c1970. axiii, 434 p. ;c20 cm. aIncluye referencias bibliográficas y notas al pie de las páginas 001050718MOaGRbGRcHDd2013-08-08iLF1l0oxxxxx xxxxxp40117-10r2020-06-25w2020-06-25y1ZNo se presta c39607d39607